000 00317nam a2200133Ia 4500
008 240624s9999 xx 000 0 und d
041 _aeng
082 _a828 KRI
100 _aKRISHNAN M
245 _aOF BIRDS AND BIRDSONG
260 _c2012
_aNew Delhi
_bAleph Book Company
300 _a328 : p.
365 _cRS
_b25
999 _c19468
_d19468